[Event "Moja Open Prestige 2022"]
[Site "Kimberley"]
[Date "2022.03.20"]
[Round "4.7"]
[White "Horne, Andrew H"]
[Black "Gounder, Rowan"]
[Result "1-0"]
[WhiteElo "1931"]
[BlackElo "1306"]
[Annotator "TA"]
[PlyCount "79"]
[EventDate "2022.03.19"]
[EventType "swiss"]
[EventCountry "RSA"]
[SourceTitle "playchess.com"]
[Source "ChessBase"]
[SourceQuality "1"]

{[%evp 9,79,30,30,15,5,-13,-5,0,19,0,-15,-38,40,0,8,-12,-22,-17,-8,-37,-38,-39,0,0,34,20,25,31,37,32,47,44,31,41,76,35,16,18,21,-68,-91,-99,-67,-135,-137,-166,-171,-161,-85,-93,-88,-92,-22,-133,-129,-190,-185,-160,188,191,321,289,295,0,0,0,5094,4906,29995,29996,29997,127]} 1. d4 c5 2. c3 cxd4 3. cxd4 g6 4. Bf4 Bg7 5. Nf3 Nf6 6. e3 {A40: Unusual replies to 1 d4.} Qb6 7. Qc2 Nc6 8. Nc3 {The position is equal.} O-O 9. a3 d6 10. d5 {[#]} Nb8 (10... e5 $1 $15 11. Bg3 (11. dxc6 exf4 12. e4 bxc6 $17) (11. Bg5 Bf5) 11... Bf5 $1) 11. Bd3 {[#]} (11. Be2 {is more complex.} Bg4 12. e4 Rc8 13. O-O Nbd7 14. h3) 11... Bg4 $146 ({Predecessor:} 11... Nbd7 12. O-O Nc5 13. e4 Nxd3 14. Qxd3 Nh5 15. Bd2 Bd7 16. b4 Rfc8 17. Rac1 Qa6 18. Qxa6 bxa6 {0-1 (38) Lampe,U (1282)-Masich,V (2093) Halle 2004}) 12. O-O Bxf3 13. gxf3 Nbd7 14. Rac1 Rac8 {[%cal Of6d5]} 15. e4 Nc5 16. Be3 Qd8 17. Be2 Nfd7 18. Qd1 a5 19. b4 axb4 20. axb4 Na6 21. Qb3 f5 22. Na4 {White is more active.} ({White should try} 22. exf5 $16 gxf5 23. f4) 22... f4 $14 23. Rxc8 Qxc8 24. Nb6 Nxb6 $1 $15 25. Bxb6 Nb8 $1 {Threatens to win with ...Nd7.} 26. Bb5 (26. Qa3 $15 Qh3 27. Bb5) 26... Nd7 $17 27. Bxd7 Qxd7 28. Rd1 Rc8 ({Black should play} 28... Qh3 $1 $19 {White must now prevent ...g5.} 29. Rd3 g5) 29. Bd4 Bxd4 30. Rxd4 {[%mdl 4096] Endgame KQR-KQR} Qb5 (30... Qh3 $17) 31. Rd1 (31. Qd1 $11 {remains equal.}) 31... Qe2 $1 32. Kg2 (32. b5 $17) 32... Rc2 $19 33. Rf1 {[#]} g5 $2 {[#]} (33... Kf7 $1 $17 {Strongly threatening ...Rd2.} 34. Qa4 Rc3) 34. Qa4 $1 $18 Kf7 {Prevents Qe8+.} (34... Rc7 {was worth a try.}) 35. Qd7 Rc3 36. Qf5+ $2 {Chess con chili.} (36. Qg4 $18 {Ra1 is the strong threat.} Qb2 37. e5 (37. Qxg5 Rb3 $18)) 36... Ke8 $11 37. Qg4 {Hoping for Ra1.} b5 $2 {[%mdl 8192]} (37... Kd8 $11) 38. Ra1 $18 {Intending Ra8+ and mate.} h6 39. Ra8+ Kf7 40. Qe6+ {Weighted Error Value: White=0.34/Black=0.51} 1-0

[Event "Moja Open Prestige 2022"]
[Site "Kimberley"]
[Date "2022.03.20"]
[Round "4.8"]
[White "De Swardt, Eduan"]
[Black "Mthunzi, Clive"]
[Result "0-1"]
[WhiteElo "1207"]
[BlackElo "1888"]
[Annotator "NA RC"]
[PlyCount "82"]
[EventDate "2022.03.19"]
[EventType "swiss"]
[EventCountry "RSA"]
[SourceTitle "playchess.com"]
[Source "ChessBase"]
[SourceQuality "1"]
[TimeControl "5400+30"]

1. e4 {[%emt 1:31:00]} d6 {[%emt 1:31:00]} 2. d4 {[%emt 0:00:30]} Nf6 {[%emt 0:00:30]} 3. Nc3 {[%emt 0:00:30]} g6 {[%emt 0:00:30]} 4. Bf4 {[%emt 0:00:30]} Bg7 {[%emt 0:00:30]} 5. Qd2 {[%emt 0:00:30]} Nc6 {[%emt 0:00:30]} 6. Nf3 {[%emt 0:00:30]} Bg4 {[%emt 0:00:30]} 7. d5 {[%emt 0:00:30]} Nb8 {[%emt 0:00:30]} 8. Be2 {[%emt 0:00:30]} c6 {[%emt 0:00:30]} 9. Bh6 {[%emt 0:00:30]} Bxh6 {[%emt 0:00:30]} 10. Qxh6 {[%emt 0:00:30]} Qb6 {[%emt 0:00:30]} 11. Qd2 {[%emt 0:00:30]} Nbd7 {[%emt 0:00:30]} 12. h3 {[%emt 0:00:30]} Bxf3 {[%emt 0:00:30]} 13. Bxf3 {[%emt 0:00:30]} Ne5 {[%emt 0:00:30]} 14. Be2 {[%emt 0:00:30]} Qb4 {[%emt 0:00:30]} 15. f4 {[%emt 0:00:30]} Ned7 {[%emt 0:00:30]} 16. Bf3 {[%emt 0:00:30]} cxd5 {[%emt 0:00:30]} 17. Nxd5 {[%emt 0:00:30]} Nxd5 {[%emt 0:00:30]} 18. exd5 {[%emt 0:00:30]} Qxb2 {[%emt 0:00:30]} 19. O-O {[%emt 0:00:30]} Qb6+ {[%emt 0:00:30]} 20. Kh2 {[%emt 0:00:30]} O-O {[%emt 0:00:30]} 21. Rab1 {[%emt 0:00:30]} Qc7 {[%emt 0:00:30]} 22. Rfe1 {[%emt 0:00:30]} Nf6 {[%emt 0:00:30]} 23. Qe3 {[%emt 0:00:30]} Rfe8 {[%emt 0:00:30]} 24. Qb3 {[%emt 0:00:30]} b6 {[%emt 0:00:30]} 25. Be2 {[%emt 0:00:30]} a6 {[%emt 0:00:30]} 26. Qxb6 {[%emt 0:00:30]} Qxc2 {[%emt 0:00:30]} 27. Rb2 {[%emt 0:00:30]} Qc3 {[%emt 0:00:30]} 28. Rd1 {[%emt 0:00:30]} Rab8 {[%emt 0:00:30]} 29. Qxb8 {[%emt 0:00:30]} Rxb8 30. Rxb8+ {[%emt 0:00:30]} Kg7 31. Bxa6 {[%emt 0:00:30]} Qc2 {[%emt 0:01:30]} 32. Rbb1 {[%emt 0:00:30]} Qxa2 {[%emt 0:00:30]} 33. Bb7 {[%emt 0:00:30]} Nh5 {[%emt 0:00:30]} 34. Rb4 {[%emt 0:00:30]} Qf2 {[%emt 0:00:30]} 35. Rdd4 {[%emt 0:00:30]} Ng3 {[%emt 0:00:30]} 36. Rd3 {[%emt 0:00:30]} Ne2 {[%emt 0:00:30]} 37. Rb1 {[%emt 0:00:30]} Nxf4 {[%emt 0:00:30]} 38. Rg3 {[%emt 0:00:30]} h5 {[%emt 0:00:30]} 39. Ba6 {[%emt 0:00:30]} h4 {[%emt 0:00:30]} 40. Rg4 {[%emt 0:00:30]} f5 {[%emt 0:00:30]} 41. Rxf4 {[%emt 0:00:30]} Qxf4+ {[%emt 0:00:30]} 0-1

[Event "Moja Open Prestige 2022"]
[Site "Kimberley"]
[Date "2022.03.20"]
[Round "4.9"]
[White "Grobbelaar, Jacqui"]
[Black "Bhila, Lindokuhle Adorabell"]
[Result "0-1"]
[WhiteElo "1522"]
[BlackElo "1281"]
[Annotator "NA RC"]
[PlyCount "148"]
[EventDate "2022.03.19"]
[EventType "swiss"]
[EventCountry "RSA"]
[SourceTitle "playchess.com"]
[Source "ChessBase"]
[SourceQuality "1"]
[TimeControl "5400+30"]

1. e4 {[%emt 1:31:00]} c5 {[%emt 1:31:00]} 2. Nc3 {[%emt 0:00:30]} Nc6 {[%emt 0:00:30]} 3. Bc4 {[%emt 0:00:30]} g6 {[%emt 0:00:30]} 4. d3 {[%emt 0:00:30]} Bg7 {[%emt 0:00:30]} 5. Bg5 {[%emt 0:00:30]} Nf6 {[%emt 0:00:30]} 6. f4 {[%emt 0:00:30]} d6 {[%emt 0:00:30]} 7. h3 {[%emt 0:00:30]} Qb6 {[%emt 0:00:30]} 8. Bxf6 {[%emt 0:00:30]} Bxf6 {[%emt 0:00:30]} 9. Nd5 {[%emt 0:00:30]} Qa5+ {[%emt 0:00:30]} 10. Qd2 {[%emt 0:00:30]} Bh4+ {[%emt 0:00:30]} 11. Kd1 {[%emt 0:00:30]} Qxd2+ {[%emt 0:00:30]} 12. Kxd2 {[%emt 0:00:30]} O-O {[%emt 0:00:30]} 13. Ne2 {[%emt 0:00:30]} e6 {[%emt 0:00:30]} 14. Nc7 {[%emt 0:00:30]} Rb8 {[%emt 0:00:30]} 15. Nb5 {[%emt 0:00:30]} Rd8 {[%emt 0:00:30]} 16. Nbc3 {[%emt 0:00:30]} a6 {[%emt 0:00:30]} 17. a4 {[%emt 0:00:30]} Bf6 {[%emt 0:00:30]} 18. g4 {[%emt 0:00:30]} Na5 {[%emt 0:00:30]} 19. Ba2 {[%emt 0:00:30]} Bd7 {[%emt 0:00:30]} 20. h4 {[%emt 0:00:30]} Bg7 {[%emt 0:00:30]} 21. Raf1 {[%emt 0:00:30]} b5 {[%emt 0:00:30]} 22. axb5 {[%emt 0:00:30]} axb5 {[%emt 0:00:30]} 23. f5 {[%emt 0:00:30]} c4 {[%emt 0:00:30]} 24. f6 {[%emt 0:00:30]} Bf8 {[%emt 0:00:30]} 25. h5 {[%emt 0:00:30]} Bh6+ {[%emt 0:00:30]} 26. Ke1 {[%emt 0:00:30]} g5 {[%emt 0:00:30]} 27. Nd4 {[%emt 0:00:30]} Rdc8 {[%emt 0:00:30]} 28. Rh2 {[%emt 0:00:30]} Rc5 {[%emt 0:00:30]} 29. Nd1 {[%emt 0:00:30]} d5 {[%emt 0:00:30]} 30. b4 {[%emt 0:00:30]} cxb3 {[%emt 0:00:30]} 31. Nxb3 {[%emt 0:00:30]} Nxb3 {[%emt 0:00:30]} 32. Bxb3 {[%emt 0:00:30]} dxe4 {[%emt 0:00:30]} 33. dxe4 {[%emt 0:00:30]} Re5 {[%emt 0:00:30]} 34. Re2 {[%emt 0:00:30]} Bc6 {[%emt 0:00:30]} 35. Rf3 {[%emt 0:00:30]} Rxe4 {[%emt 0:00:30]} 36. Rxe4 {[%emt 0:00:30]} Bxe4 {[%emt 0:00:30]} 37. Re3 {[%emt 0:00:30]} Bc6 {[%emt 0:00:30]} 38. Re5 {[%emt 0:00:30]} Rd8 {[%emt 0:00:30]} 39. Ne3 {[%emt 0:00:30]} Rd4 {[%emt 0:00:30]} 40. Ke2 {[%emt 0:00:30]} Rf4 {[%emt 0:00:30]} 41. Bxe6 {[%emt 0:00:30]} fxe6 {[%emt 0:00:30]} 42. Rxe6 {[%emt 0:00:30]} Bf3+ {[%emt 0:00:30]} 43. Kd2 {[%emt 0:00:30]} Kf7 {[%emt 0:00:30]} 44. Re7+ {[%emt 0:00:30]} Kg8 {[%emt 0:00:30]} 45. Nf5 {[%emt 0:00:30]} Bf8 {[%emt 0:00:30]} 46. f7+ {[%emt 0:00:30]} Kh8 {[%emt 0:00:30]} 47. Re8 {[%emt 0:00:30]} Rxf5 {[%emt 0:00:30]} 48. gxf5 {[%emt 0:00:30]} Kg7 {[%emt 0:00:30]} 49. Rb8 {[%emt 0:00:30]} b4 {[%emt 0:00:30]} 50. h6+ {[%emt 0:00:30]} Kxf7 {[%emt 0:00:30]} 51. Ke3 {[%emt 0:00:30]} g4 {[%emt 0:00:30]} 52. Kd4 {[%emt 0:00:30]} g3 {[%emt 0:00:30]} 53. Ke3 {[%emt 0:00:30]} g2 {[%emt 0:00:30]} 54. Kxf3 {[%emt 0:00:30]} g1=Q {[%emt 0:00:30]} 55. Rb7+ {[%emt 0:00:30]} Kf6 {[%emt 0:00:30]} 56. Rxh7 {[%emt 0:00:30]} Qd1+ {[%emt 0:00:30]} 57. Kg3 {[%emt 0:00:30]} Bd6+ {[%emt 0:00:30]} 58. Kf2 {[%emt 0:00:30]} Qxc2+ {[%emt 0:00:30]} 59. Ke3 {[%emt 0:00:30]} Qxf5 {[%emt 0:00:30]} 60. Rh8 {[%emt 0:00:30]} Kg6 {[%emt 0:00:30]} 61. Rg8+ {[%emt 0:00:30]} Kxh6 {[%emt 0:00:30]} 62. Rg2 {[%emt 0:00:30]} Qf4+ {[%emt 0:00:30]} 63. Ke2 {[%emt 0:00:30]} b3 {[%emt 0:00:30]} 64. Rg1 {[%emt 0:00:30]} Qh2+ {[%emt 0:00:30]} 65. Kf1 {[%emt 0:00:30]} b2 {[%emt 0:00:30]} 66. Rg2 {[%emt 0:00:30]} b1=Q+ {[%emt 0:00:30]} 67. Kf2 {[%emt 0:00:30]} Qc2+ {[%emt 0:00:30]} 68. Ke3 {[%emt 0:00:30]} Qcxg2 {[%emt 0:00:30]} 69. Kd4 {[%emt 0:00:30]} Qe5+ {[%emt 0:00:30]} 70. Kd3 {[%emt 0:00:30]} Qgd5+ {[%emt 0:00:30]} 71. Kc2 {[%emt 0:00:30]} Qe2+ {[%emt 0:00:30]} 72. Kc3 {[%emt 0:00:30]} Qec4+ {[%emt 0:00:30]} 73. Kb2 {[%emt 0:00:30]} Qd2+ {[%emt 0:00:30]} 74. Kb1 {[%emt 0:00:30]} Qca2# {[%emt 0:00:30]} 0-1

[Event "Moja Open Prestige 2022"]
[Site "Kimberley"]
[Date "2022.03.21"]
[Round "5.1"]
[White "Cawdery, Daniel"]
[Black "Karsten, Jan"]
[Result "1-0"]
[WhiteElo "2419"]
[BlackElo "1679"]
[Annotator "TA"]
[PlyCount "77"]
[EventDate "2022.03.19"]
[EventType "swiss"]
[EventCountry "RSA"]
[SourceTitle "playchess.com"]
[Source "ChessBase"]
[SourceQuality "1"]

{[%evp 19,77,35,36,1,7,0,0,0,53,0,0,0,0,0,0,0,0,-14,0,0,226,226,224,220,1646,307,317,307,322,309,291,259,366,366,379,383,377,383,380,377,356,358,527,488,630,573,611,627,597,578,868,856,756,714,835,832,1065,1016,1245,1202]} 1. e4 e6 2. d4 d5 3. Nd2 c5 4. exd5 Qxd5 5. Ngf3 cxd4 6. Bc4 Qd6 7. O-O Nf6 8. Nb3 Nc6 9. Nbxd4 Nxd4 10. Nxd4 Be7 11. b3 {C07: French Tarrasch: 3...c5, 4 Ngf3 and 4 exd5 Qxd5.} O-O 12. a4 Rd8 13. Ba3 {The position is equal.} Qd7 {[#]} (13... Qc7 $11 14. Bxe7 Qxe7) 14. Bb2 {[#]} (14. Nxe6 $1 $14 fxe6 15. Qxd7 Rxd7 16. Bxe6+ Kf8 17. Bxd7 Bxd7 18. Bxe7+ Kxe7 19. Rfe1+ Kf7 20. Rad1) 14... Bc5 $146 {[%cal Rc5d4]} ({Predecessor:} 14... a6 15. Qe2 Qc7 16. Rad1 b6 17. Rd3 Bd6 18. Nf3 Nh5 19. Ng5 g6 20. Rh3 Nf4 {1-0 (27) Nedev,T (2494)-Aagaard,J (2517) Istanbul 2012}) 15. Nf3 {[%cal Bd4f3,Bf3e5,Be5f7,Bf7d8,Bd8e6][%mdl 32]} Qe7 16. Qe2 b6 17. Ne5 {And now Nc6 would win.} Bb7 {To avoid Nc6} 18. Rad1 Rxd1 19. Rxd1 Rd8 $2 {White stays focused until the end.} (19... h6 $11) 20. Rxd8+ $18 Qxd8 21. Nxf7 $1 Qa8 (21... Qe7) 22. Qxe6 $2 (22. Bxf6 {[%cal Oe2e6]} Qe8 {[#]} 23. Qg4 $1) 22... Bd5 23. Bxd5 Qxd5 24. Nd8+ Qxe6 25. Nxe6 Bd6 (25... Be7 $142 26. Nd4 Bc5) 26. Bxf6 gxf6 {[%mdl 4096] Endgame KB-KN} 27. g3 Kf7 28. Nd8+ Kg6 29. Kg2 Kf5 30. Kf3 h5 (30... a6 $142 31. Nc6 Bc5) 31. Nc6 {White is clearly winning.} a5 32. Nd4+ Ke5 33. Ke3 Bc5 34. c3 f5 35. f4+ Kf6 36. Kd3 Ba3 37. Kc4 Kg6 38. b4 h4 39. Ne2 {Weighted Error Value: White=0.38/Black=0.48} 1-0

[Event "Moja Open Prestige 2022"]
[Site "Kimberley"]
[Date "2022.03.21"]
[Round "5.2"]
[White "Simpson, Michael M"]
[Black "Mathebula, Xolani Cebo"]
[Result "1-0"]
[WhiteElo "1995"]
[BlackElo "1752"]
[Annotator "TA"]
[PlyCount "65"]
[EventDate "2022.03.19"]
[EventType "swiss"]
[EventCountry "RSA"]
[SourceTitle "playchess.com"]
[Source "ChessBase"]
[SourceQuality "1"]

{[%evp 9,65,-2,11,0,-11,-9,30,-14,-32,-27,-18,-20,-10,-14,21,-12,19,-22,33,-29,-16,-61,31,-27,14,0,0,0,16,19,78,89,91,85,80,75,89,84,81,86,105,107,126,114,131,119,148,157,145,144,354,347,347,319,1028,966,29993,29994]} 1. Nf3 Nf6 2. b3 d5 3. Bb2 c5 4. e3 Nc6 5. d4 Bf5 6. a3 {D04: Colle System.} e6 7. Nbd2 Qc7 8. Be2 (8. c4 $142) 8... cxd4 $11 9. exd4 Bd6 10. c4 O-O 11. O-O {[#]} h6 $146 ({Predecessor:} 11... Rac8 12. Rc1 Qb8 13. c5 Bf4 14. g3 Bh6 15. Ne5 Nxe5 16. dxe5 Ne4 17. Nxe4 Bxc1 {1-0 (24) Miras Garcia,E (2000)-Melero Morales,J (2114) Oviedo 2004}) 12. Rc1 (12. c5 $5 {[%cal Rc5d6]} Be7 13. b4 $11) 12... Rac8 13. Re1 (13. c5 $142 Be7 14. b4) 13... Rfe8 ({Better is} 13... dxc4 $11 14. Nxc4 Bf4) 14. Nf1 ({White should try} 14. c5 $14 Be7 15. b4) 14... Bf4 15. Ne3 (15. Ra1 $11) 15... Bh7 (15... Ng4 $15 16. Nxf5 Bxc1 17. Qxc1 exf5) 16. Bd3 (16. Bf1 $14) 16... a6 (16... Bxd3 $142 17. Qxd3 dxc4 18. Rxc4 Qd7) 17. Bxh7+ Kxh7 18. g3 Bd6 19. Ne5 Qe7 (19... Kg8 $11) 20. cxd5 Nxd5 21. Nxc6 bxc6 {[#]} 22. Nf5 $1 Qf8 (22... Qc7 23. Nxd6) 23. Nxd6 Qxd6 24. Qd3+ g6 25. Qxa6 h5 26. b4 Qd7 27. Rc5 Ne7 28. Rec1 {White is more active.} Red8 29. h4 Nf5 $2 {[#] Loses the game.} (29... Kg8 $16 30. Qc4 f6) 30. Rxc6 $18 Ra8 31. Qd3 Nxd4 $2 (31... Ne7) 32. Rc7 Qd5 33. Rxf7+ {Weighted Error Value: White=0.16 (very precise) /Black=0.54} 1-0

[Event "Moja Open Prestige 2022"]
[Site "Kimberley"]
[Date "2022.03.21"]
[Round "5.3"]
[White "Bhawoodien, Shabir Hussain"]
[Black "Makoto, Rodwell"]
[Result "0-1"]
[WhiteElo "2058"]
[BlackElo "2349"]
[Annotator "TA"]
[PlyCount "102"]
[EventDate "2022.03.19"]
[EventType "swiss"]
[EventCountry "RSA"]
[SourceTitle "playchess.com"]
[Source "ChessBase"]
[SourceQuality "1"]

{[%evp 22,102,-8,-6,-1,-11,-5,-289,-270,-257,-269,-269,-276,-275,-268,-281,-272,-264,-267,-260,-265,-299,-271,-271,-278,-278,-278,-280,-278,-278,-278,-278,-278,-285,-285,-295,-282,-295,-286,-289,-282,-283,-253,-310,-299,-300,-270,-415,-395,-405,-413,-485,-488,-515,-515,-515,-477,-435,-296,-629,-608,-461,-441,-424,-412,-4926,-4926,-29985,-29985,-29985,-29986,-29986,-29971,-29988,-29989,-29989,-29990,-29994,-29987,-29987,-29988,-29988,-29989]} 1. e4 e5 2. Bc4 Nf6 3. d4 exd4 4. Nf3 Nc6 5. e5 d5 6. Bb5 Ne4 7. Nxd4 Bd7 8. Bxc6 bxc6 9. O-O Bc5 {[%cal Bf8c5,Bc5d4,Bd4e3][%mdl 32]} 10. f3 Ng5 {[%cal Be4g5,Bg5e4,Be4d2,Bd2f1][%mdl 32]} 11. f4 Ne4 12. Be3 Qb8 {C56: Two Knights: 4 d4 exd4 5 0-0 Nxe4.} 13. Nd2 Qxb2 14. Rb1 $2 {[%mdl 8192] [#]} Bxd4 $1 $19 {A strong pair of Bishops. Black has a decisive advantage.} 15. Rxb2 Bxe3+ 16. Kh1 {Hoping for Nxe4.} Nxd2 17. e6 Bxe6 {[#]} ({And not} 17... Nxf1 18. exd7+ Kxd7 19. Qxf1 $11) 18. f5 $146 ({Predecessor:} 18. Re1 Ne4 19. c4 d4 20. Qf3 f5 21. Qh5+ g6 22. Qh6 Kf7 23. h3 Nf2+ 24. Kh2 {0-1 (44) Yuan,Y (2097)-Bok,B (2337) Kemer 2009}) 18... Nxf1 19. fxe6 Nd2 ({Weaker is} 19... fxe6 20. Qxf1 Bd4 21. Rb1 $17) 20. exf7+ Kxf7 21. Qh5+ g6 22. Qe5 Rhe8 23. Qxc7+ Re7 24. Qxc6 Rd8 {And now ...Bb6 would win.} 25. Rb7 Nc4 26. g3 Bb6 27. a4 Rd6 28. Qc8 h5 29. Qh8 {Intending Qh7+ and mate.} Rxb7 30. Qh7+ Ke6 31. Qxb7 Ke5 {Threatens to win with ...Kd4.} 32. Qf7 Kd4 {...Kc3 is the strong threat.} 33. Qf3 Kc5 34. Qb3 (34. c3 $142) 34... a6 35. Kg2 Re6 36. Qd3 g5 37. c3 Re4 {To avoid Qd4+} 38. Qf3 Ne3+ 39. Kh1 Ba5 40. Qf8+ $2 (40. Qf6) 40... Kc4 41. Qc8+ Kb3 42. Qxa6 Bxc3 {aiming for ...Rd4.} 43. a5 (43. Qd3 $142 Kb2 44. h3) 43... Rd4 {( -> ...Rd1+)} 44. Kg1 Rd1+ {Black mates.} 45. Kf2 Ng4+ 46. Kf3 {[#]} Rd3+ $3 {[%mdl 512]} 47. Ke2 (47. Qxd3 Ne5+) 47... Rd2+ 48. Kf1 Nxh2+ 49. Kg1 Nf3+ 50. Kf1 Bd4 {[%csl Gd4][%cal Rd2f2]} 51. Qb5+ Ka3 {Black took control after the opening.  Weighted Error Value: White=0.66/Black=0.08 (flawless)} 0-1

[Event "Moja Open Prestige 2022"]
[Site "Kimberley"]
[Date "2022.03.21"]
[Round "5.4"]
[White "Mlahleki, Vusimuzi"]
[Black "Dunn, Andrew M"]
[Result "1/2-1/2"]
[WhiteElo "1980"]
[BlackElo "2117"]
[Annotator "TA"]
[PlyCount "173"]
[EventDate "2022.03.19"]
[EventType "swiss"]
[EventCountry "RSA"]
[SourceTitle "playchess.com"]
[Source "ChessBase"]
[SourceQuality "1"]

{[%evp 10,173,0,0,0,8,51,27,60,65,93,70,95,83,187,193,182,187,194,187,180,145,341,353,355,297,288,0,335,340,385,287,319,322,305,306,318,316,315,315,298,325,318,325,309,256,327,329,320,312,369,358,368,340,361,362,333,342,454,449,442,438,523,509,443,262,278,257,206,87,95,0,48,0,0,0,0,0,1,0,0,0,0,0,0,0,0,0,0,0,0,0,0,0,0,0,0,0,0,0,0,0,0,0,0,0,0,0,0,0,0,0,0,0,0,0,0,0,0,0,0,0,0,0,0,0,0,0,0,0,0,0,0,0,0,0,0,0,0,0,0,0,0,0,0,0,0,0,0,0,0,0,0,0,0,0,0,0,0,0,0,0,0,0,0,0]} 1. e4 c5 2. Nc3 e6 3. g3 d5 4. exd5 exd5 5. Bg2 d4 6. Qe2+ Be7 {B23: Closed Sicilian: Lines without g3.} 7. Ne4 Be6 (7... d3 $11 8. Qxd3 Qxd3 9. cxd3 Nc6) 8. Nh3 {[#] Nf4 is the strong threat.} Nc6 $146 {[%cal Od4d3] White has an edge.} ({Predecessor:} 8... Kf8 9. d3 Qd7 10. Nhg5 Bf5 11. h3 h6 12. Nf3 Nc6 13. g4 Bg6 14. Bf4 Re8 {½-½ (43) Ipekyilmaz,E-Franic,M Groningen 1983}) 9. Nf4 Qd7 10. d3 h6 11. O-O g5 (11... Kf8 $16) 12. Nxe6 $18 Qxe6 13. Qh5 Nf6 14. Nxf6+ Qxf6 15. f4 gxf4 (15... Qg6 $16 16. Qe2 Qe6 17. Qxe6 fxe6) 16. Bxf4 Qg6 17. Qh3 Qe6 18. Qh5 Qg6 $1 19. Qe2 Qe6 20. Qf3 {[#] And now Rae1 would win.} O-O 21. Qh5 Qg6 22. Qxh6 Qxh6 23. Bxh6 {This bishop pair is nice.} Rfd8 24. Rae1 {Hoping for Bxc6.} Bf8 25. Bxf8 Kxf8 26. Bxc6 bxc6 {[%mdl 4096] Endgame KRR-KRR} 27. Re5 Rd5 28. Rff5 Rad8 29. Kf2 Kg7 30. h4 {[%cal Bh2h4,Bh4h5][%mdl 32]} R8d7 31. Rg5+ Kf6 32. Rxd5 ({Weaker is} 32. Rgf5+ Kg7 33. g4 f6 34. Rxd5 cxd5 $18) 32... cxd5 {KR-KR} 33. Kf3 Ke6 34. h5 f6 35. Rg8 Rc7 36. Rh8 c4 37. dxc4 (37. Kg4 $142) 37... Rxc4 38. h6 {Threatening mate with h7.} Kf7 39. Rd8 (39. Ra8 $18 {has better winning chances. h7 would kill now.} Kg6 40. Rxa7 Kxh6 41. a4) 39... Kg6 $16 {[#]} 40. Rxd5 {White is more active.} (40. Rd7 $1 $16 {Black must now prevent h7.} Kxh6 41. Rxa7 (41. Rxd5 Rxc2 42. Rxd4 Rxb2 $11)) 40... Kxh6 (40... Rxc2 $11 {should be considered.} 41. Rxd4 Rxb2) 41. Ke4 (41. Ra5 $14 {is more appropriate.}) 41... Rxc2 $11 {The position is equal.} 42. Rb5 Rd2 43. a4 {Black should prevent a5.} Kg6 44. b4 d3 45. Rd5 Rb2 46. Kxd3 {Strongly threatening Kc4.} Rxb4 47. Ra5 Rb3+ 48. Ke4 Rxg3 49. Rxa7 Ra3 50. Ra8 Kf7 51. a5 Ke7 52. Kd5 Kd7 53. Ra7+ Kc8 54. Kc6 {[%cal Ra7a8]} Kb8 {To avoid Ra8+} 55. Rf7 Rc3+ (55... Rxa5 {gets mated.} 56. Kb6 Kc8 57. Kxa5 Kd8 58. Kb6 Ke8 59. Rxf6 Ke7 60. Rc6) 56. Kb6 Rb3+ 57. Ka6 Rf3 58. Rb7+ Ka8 59. Rb5 f5 {[%cal Bf6f5,Bf5f4][%mdl 32]} 60. Kb6 Rf1 61. Re5 {[%cal Re5e8]} Rb1+ 62. Ka6 f4 63. Rf5 Rb4 64. Rf8+ Rb8 65. Rf7 {[%csl Ga6][%cal Rf7a7]} Rb4 66. Rf8+ Rb8 67. Rxf4 Rb1 68. Rf6 Rb2 69. Rh6 Rb1 70. Rh8+ Rb8 71. Rh7 {[%csl Ga6][%cal Rh7a7]} Rb1 72. Ra7+ Kb8 73. Re7 Ka8 74. Re6 Rb2 75. Rb6 Rh2 76. Rb4 Rh6+ 77. Rb6 Rh2 78. Rb4 Rh6+ 79. Kb5 Ka7 80. Rc4 Rh5+ 81. Kb4 Rh7 82. Rc6 Rg7 83. Kb5 Rg5+ 84. Kb4 Rg4+ 85. Kc5 Rg5+ 86. Kd6 Rxa5 87. Kc7 {Black escapes into a draw.  Weighted Error Value: White=0.21 (precise) /Black=0.19 (very precise)} 1/2-1/2